000 00555nam a2200193Ia 4500
999 _c10808
_d10808
003 OSt
005 20191221105832.0
008 190216s9999||||xx |||||||||||||| ||und||
020 _a8187125993
040 _coclc
082 _a338.5024658
_bJHI/M
100 _aJhingan, M L
_9469
245 0 _aManagerial Economics /
_c M L Jhingan ; J K Stephen
250 _a2nd ed.
260 _bVrinda Publications,
_aNew Delhi:
_c2009.
300 _a944p
650 _aEconomics
942 _cBK
_2ddc
_h338.5024658
_iJHI/M
_k338.5024658
_mJHI/M